Movies Quiz

Random Movies or Actress Quiz
Score 0/20 Timer 05:00
11 Plays Today
% Correct
George Clooney
95.3%
Cameron Diaz
95%
Woody Allen
93.3%
Samuel L. Jackson
92%
Denzel Washington
91.7%
Nicolas Cage
91.7%
Jerry Seinfeld
91%
Judy Garland
89.7%
Jackie Chan
87.6%
Tom Hanks
85.3%
% Correct
Arnold Schwarzenegger
79.6%
Kate Winslet
79.2%
Danny Glover
57.3%
Hugh Jackman
54.9%
Julie Andrews
50.1%
Leonardo DiCaprio
39.6%
Clint Eastwood
31.8%
Jim Carrey
20.9%
Leonard Nimoy
14.4%
Morgan Freeman
13.7%
Remove Ads.
Support Sporcle.
Get the best of Sporcle when you Go Orange. This ad-free experience offers more features, more stats, and more fun while also helping to support Sporcle. Thank you for becoming a member.

You're not logged in!

Compare scores with friends on all Sporcle quizzes.
OR
Log In

Show Comments

Extras

Top Quizzes Today


Score Distribution

Your Account Isn't Verified!

In order to create a playlist on Sporcle, you need to verify the email address you used during registration. Go to your Sporcle Settings to finish the process.

Report this User

Report this user for behavior that violates our Community Guidelines.

Details: